[Event "Norm Congress-GM 2018"]
[Site "Saint Louis"]
[Date "2018.02.13"]
[Round "9"]
[White "Gurevich, Daniel"]
[Black "Bartholomew, John"]
[Result "1/2-1/2"]
[WhiteElo "2483"]
[BlackElo "2472"]
[Annotator "TA"]
[PlyCount "64"]
[EventDate "2018.??.??"]
[EventType "schev"]
[EventCountry "USA"]
[SourceTitle "playchess.com"]
[Source "ChessBase"]
[SourceQuality "1"]

{[%evp 29,64,19,22,30,40,4,13,9,14,0,0,0,16,16,12,0,0,0,0,0,0,0,0,-15,-12,-20,0,14,11,-21,18,34,37,0,0,0,0]} 1. e4 c5 2. Nf3 d6 3. d4 cxd4 4. Nxd4 Nf6 5. Nc3 Nc6 6. Bg5 {[%cal Bc1g5,Bg5h4,Bh4g3][%mdl 32]} e6 7. Qd2 a6 8. O-O-O Bd7 9. f4 h6 10. Bh4 g5 11. fxg5 Ng4 12. Nf3 Be7 13. Bg3 hxg5 14. Be2 Nge5 15. Rhf1 {B67: Sicilian: Richter-Rauzer: 7...a6 8 0-0-0 Bd7, lines without 9 f4 Be7} Qa5 {LiveBook: 3 Games} (15... f6 16. Kb1 Qc7 17. Nxe5 Nxe5 18. Qe1 O-O-O 19. h3 Kb8 20. Bf2 Rc8 21. Bd4 Rh4 22. Qd2 Qa5 {½-½ (33) Perunovic,M (2628)-Djukic,N (2528) Neum 2014}) 16. Kb1 f6 17. Bd3 $146 {White is slightly better.} ({Predecessor:} 17. h3 O-O-O 18. Nxe5 dxe5 19. Bg4 Kb8 20. Rf3 Bc8 21. Rd3 Rdf8 {0-1 (58) Spice,A (2170)-Balinov,I (2475) Heraklio 2007}) 17... O-O-O 18. Qf2 Kb8 19. Nd2 Qc5 20. Qe1 Nb4 21. Nb3 Qc7 22. Qe3 Ka8 23. a3 Nbxd3 24. cxd3 Rc8 25. Rc1 $40 {[%mdl 128] [#] Hoping for Nd5. White mounts an attack.} Qb8 26. Nd2 Qa7 27. d4 Nc4 28. Nxc4 Rxc4 29. Ne2 Rhc8 30. Rxc4 Rxc4 31. Rc1 Rxc1+ 32. Kxc1 Qb6 {Precision: White = 45%, Black = 69%.} 1/2-1/2

[Event "Norm Congress-GM 2018"]
[Site "Saint Louis"]
[Date "2018.02.13"]
[Round "9"]
[White "Patel, Advait"]
[Black "Khamrakulov, Djurabek"]
[Result "0-1"]
[WhiteElo "2478"]
[BlackElo "2496"]
[Annotator "TA"]
[PlyCount "132"]
[EventDate "2018.??.??"]
[EventType "schev"]
[EventCountry "USA"]
[SourceTitle "playchess.com"]
[Source "ChessBase"]
[SourceQuality "1"]

{[%evp 16,132,0,0,0,0,0,0,0,0,0,0,8,10,23,5,24,0,0,0,0,4,8,-11,0,-17,0,0,0,0,0,0,0,0,0,0,0,0,0,0,13,13,13,12,20,0,0,-10,-11,-27,0,0,0,0,0,0,0,0,0,0,0,-8,0,0,0,-84,-88,-88,-88,-81,0,-196,-147,-179,-162,-58,0,-399,-389,-362,-248,-384,-383,-339,-116,-147,-124,-189,0,-160,0,0,0,0,0,-26,-33,-910,-809,-1008,-478,-476,-469,-469,-469,-1186,-1132,-1620,-1397,-1237,-985,-29971,-12846,-29983,-29984,-29984,-856,-29985,-29986]} 1. e4 c6 2. Nc3 d5 3. Nf3 Nf6 4. e5 Ne4 5. Ne2 Qb6 6. d4 {B11: Caro-Kann: Two Knights Variation} e6 7. Ng3 (7. g3 c5 8. Bg2 Bd7 9. O-O Bb5 10. Re1 Nc6 11. c3 Rc8 12. Be3 Bc4 13. Qc2 {½-½ (48) Naiditsch,A (2702)-Bartel,M (2613) Germany 2017}) 7... c5 8. Bd3 Nxg3 9. fxg3 {LiveBook: 4 Games} cxd4 10. O-O Nc6 11. Qe2 h6 12. a3 a6 $146 ({Find the theoretical novelty and annotate with similar games:} 12... Be7 13. b4 {1-0 (61) Raja,H (2427)-Mayank,P (1834) Caleta 2018}) 13. b4 Be7 14. g4 Bd7 15. Bf4 Na7 16. Qf2 Bb5 17. Nxd4 Bxd3 18. cxd3 {And now Be3 would win.} O-O $1 19. Rac1 f6 20. Qe3 {Black should prevent exf6.} Rae8 21. Nf3 Qxe3+ 22. Bxe3 Nc6 23. exf6 Bxf6 24. Bc5 Be7 25. Rfe1 {[#]} e5 $1 {[%mdl 512]} 26. Bxe7 (26. Nxe5 Bxc5+) 26... Rxe7 27. Nh4 Rf6 28. Rc5 Rd7 29. Nf5 Re6 30. Ne3 Ne7 31. Rec1 Kf7 32. Nf5 Rc6 (32... Nxf5 {NOTEXT} 33. gxf5 Ree7 34. Kf2 Kf6 35. g4 e4) 33. Nxe7 Rxc5 34. Rxc5 Kxe7 $11 {[%mdl 4096] Endgame KR-KR} 35. Kf2 Kd6 36. Rc8 Rc7 37. Rg8 Ke6 38. Ke3 Rc3 39. Rxg7 e4 40. Rxb7 (40. Kf4 $11 {remains equal.} exd3 41. Ke3) 40... Rxd3+ $17 41. Kf4 e3 $1 {[%mdl 1024] Black has strong compensation.} 42. Rb6+ Ke7 ({Black should try} 42... Kd7 $1 $17) 43. Rb7+ $2 (43. Rxh6 $11 {and White is okay.} e2 44. Rh7+ Kf8 45. Rh8+ Ke7 46. Rh7+ Kf8 47. Rh8+ Kf7 48. Rh7+ Kf8) 43... Ke8 44. Rb8+ Kd7 45. Rb7+ Kc6 ({Better is} 45... Kd8 $15 46. Rb6 d4) 46. Re7 $2 {[%mdl 8192]} (46. Rh7 $1 $11 {and White stays safe.}) 46... d4 $19 47. h4 ({Weaker is} 47. Ke4 Rd1 $19) 47... Rd2 (47... Rxa3 48. Ke4 $11) 48. g5 (48. Kf3 {is the only way for White.} Rf2+ 49. Kg3) 48... hxg5+ 49. hxg5 {[#]} Kd6 $2 ({And not} 49... Rxg2 50. Ke4 $11) (49... Rf2+ $1 $19 {and Black stays clearly on top.} 50. Kg3 Rf5) 50. Re8 $17 Kd5 51. g3 (51. Kg3 $17 {was necessary.} Rc2 52. Kf3) 51... Rf2+ $19 52. Kg4 {[#]} Rf7 $2 (52... e2 $1 $17 {White must now prevent ...d3.} 53. g6 Rf6 54. Rxe2 Rxg6+ 55. Kf5 Rxg3 56. Re5+ Kc4 57. Rc5+ Kb3) 53. g6 $11 Rd7 54. Kf5 {Threatening Kf6.} Kc4 {...d3 is the strong threat.} 55. Kf6 {aiming for g7.} (55. Ke6 $5 {[%cal Re6d7]} Rb7 56. Kf6 $16) 55... d3 {Hoping for ...d2.} 56. g7 $2 {[%mdl 8192] [#]} (56. Re4+ $15 Kb5 57. Rxe3) 56... Rxg7 $3 $19 {[%mdl 512]} 57. Kxg7 {KR-K3P} e2 (57... d2 $142 58. Kf6 Kd3 59. Rd8+ Ke2) 58. Kf6 d2 59. Rxe2 d1=Q {KQ-KR} 60. Re5 (60. Re4+ $142 Kd3 61. Rf4) 60... Qf3+ 61. Rf5 Qxa3 62. Rf4+ Kd5 63. Rg4 Qf3+ 64. Kg5 Ke5 65. Kh4 Qh1+ 66. Kg5 Qh3 {Precision: White = 47%, Black = 64%.} 0-1

[Event "Norm Congress-GM 2018"]
[Site "Saint Louis"]
[Date "2018.02.13"]
[Round "9"]
[White "Abrahamyan, Tatev"]
[Black "Tsolakidou, Stavroula"]
[Result "1/2-1/2"]
[WhiteElo "2332"]
[BlackElo "2412"]
[Annotator "TA"]
[PlyCount "123"]
[EventDate "2018.??.??"]
[EventType "schev"]
[EventCountry "USA"]
[SourceTitle "playchess.com"]
[Source "ChessBase"]
[SourceQuality "1"]

{[%evp 19,123,23,40,20,34,25,47,30,54,0,38,19,25,37,93,52,124,123,127,108,189,156,268,205,368,290,290,152,145,108,120,113,140,8,213,196,196,166,186,129,617,588,628,591,780,723,614,130,133,135,114,113,186,161,717,340,334,331,314,281,652,212,212,0,0,0,0,0,0,0,0,0,0,0,0,0,0,0,0,0,0,0,0,0,0,0,0,0,0,0,0,0,0,0,0,0,0,0,0,0,0,0,0,0,0,0]} 1. e4 c5 2. Nf3 d6 3. d4 cxd4 4. Nxd4 Nf6 5. Nc3 a6 6. Nb3 Nc6 7. Be3 {B56: Classical Sicilian: Unusual Lines} e6 (7... g6 8. Nd5 Nxd5 9. exd5 Ne5 10. Bd4 Bh6 11. Be2 O-O 12. O-O b5 13. a4 b4 14. c3 Bb7 15. cxb4 Bxd5 {0-1 (29) Anand,V (2776)-Vachier Lagrave,M (2811) Bastia 2016}) 8. g4 Be7 9. g5 Nd7 10. h4 b5 {LiveBook: 3 Games} 11. f4 Qc7 $146 ({Predecessor:} 11... O-O 12. Qf3 Qc7 13. O-O-O Re8 14. h5 Bf8 15. Qf2 Rb8 {1-0 (30) Dolezal,C (2405)-Galagovsky,C (2082) Buenos Aires 2014}) 12. Qd2 Nb6 13. a3 Rb8 14. h5 (14. Nd4 $14) 14... O-O 15. h6 g6 $1 16. Nd4 $36 {[%mdl 2048] White is more active.} Rd8 (16... Nxd4 $14 17. Bxd4 (17. Qxd4 e5 $11) 17... f6) 17. O-O-O Bf8 ({Black should try} 17... Bd7 $14) 18. Nxc6 $16 Qxc6 19. f5 b4 (19... Re8 $16) 20. axb4 $18 Na4 (20... Nd7 $16) 21. Bd4 Bd7 $2 (21... Re8 22. fxg6 fxg6) 22. fxg6 fxg6 23. Nxa4 (23. b3 $18) 23... Qxa4 $16 {[%cal Ra4a1]} 24. b3 Qxb4 25. Bc3 Qc5 26. b4 (26. Bc4 $16) 26... Qb6 $2 (26... Qc8 $1 $11 {and Black has nothing to worry.}) 27. Bc4 $1 $18 Be7 28. Rhf1 Rdc8 29. Bb3 $1 a5 $2 {[%mdl 8192] [#]} (29... Rxc3 $16 30. Qxc3 Bxg5+ 31. Kb1 Bxh6) 30. Qf4 $1 {[%csl Gf1][%cal Rf4f7]} Rf8 31. Qg4 d5 32. exd5 a4 33. d6 $2 (33. dxe6 $18 Bc6 34. Qg3) 33... Qe3+ $16 34. Bd2 Qe5 {[%cal Re5a1] [#]} 35. c3 $1 Qxd6 (35... axb3 $16 36. dxe7 Rfe8) 36. Ba2 Rfc8 $2 (36... Rxf1 37. Rxf1 Rf8) 37. Qf3 (37. Kb1 $142) 37... Rf8 $18 38. Qe4 {Black must now prevent Bf4.} Rxf1 39. Rxf1 Rc8 $2 (39... Rf8 40. Rxf8+ Kxf8) 40. Re1 $2 (40. Rf3) 40... Kf8 41. Bxe6 $2 ({White should play} 41. Re3 $18) 41... Bxe6 $11 {The position is equal.} 42. Qxe6 Qxe6 43. Rxe6 {Strongly threatening Kb2.} Bxb4 $1 $18 {[%mdl 4096] Endgame KRB-KRB} 44. Rf6+ Ke8 45. Kc2 Be7 46. Ra6 a3 47. Ra7 Kf7 48. Bc1 Ke6 49. Bxa3 Bxg5 50. Rxh7 Bf6 51. Bb2 g5 52. Ra7 g4 53. h7 {Hoping for Ra6+.} Bh8 54. Ra5 g3 55. Rg5 Rc7 56. Rg6+ Kd5 57. Rg8 Rxh7 58. c4+ Kxc4 59. Bxh8 Rh2+ 60. Kd1 g2 61. Ke1 Rxh8 62. Rxg2 {Precision: White = 49%, Black = 44%.} 1/2-1/2